000 00570nam a2200217Ia 4500
003 OSt
005 20221007070219.0
006 a|||||r|||| 00| 0
007 ta
008 221006b |||||||| |||| 00| 0 eng d
024 _a14,941
037 _cTextual
040 _aFLL
_cFLL
_beng
041 _2eng
_aeng
082 _aX:958.1.N5g, J2
245 0 _aInternational labour conference
260 _aGeneva
_bInternational labour office Geneva
_c1952
300 _a23p
_ccm.
942 _hX:958.1.N5g, J2
_cTEXL
_2CC
999 _c1139811
_d1139811